000 00770cam a22002411 4500
001 10383722
003 OSt
005 20250610133806.0
008 760204s1973 nyua 000 0 eng
010 _a 72084842
020 _a9789382716709
035 _a(OCoLC)1966523
040 _aDLC
_cVtU
_dOCoLC
_dCBGTU
_dDLC
042 _apremarc
050 0 0 _aBL1220
_b.B445
082 _a294.5923
_bPRA/O
100 0 _aA. C. Bhaktivedanta Swami Prabhupāda,
_d1896-1977
_910541
245 1 0 _aOn the way to Krsna,
_c[by] A. C. Bhaktivedanta Swami Prabhupada.
260 _aNew York,
_bBhaktivedanta Book Trust
_c[1973]
300 _a74 p.
_billus.
_c18 cm.
600 0 0 _aKrishna
_c(Hindu deity)
942 _2ddc
_cBK
_h294.5923
_iPRA/O
_k294.5923
_mPRA/O
999 _c44579
_d44579